书目信息 |
| 题名: |
基础医学考试纲要及试题
|
|
| 作者: | 陈庆山 主编 | |
| 分册: | ||
| 出版信息: | 北京 人民卫生出版社 2000 |
|
| 页数: | 542页 | |
| 开本: | 26cm | |
| 丛书名: | 2000版国家临床执业医师资格考试辅导 | |
| 单 册: | ||
| 中图分类: | R31 | |
| 科图分类: | ||
| 主题词: | 基础医学--ji chu yi xue--医学院校--试题 | |
| 电子资源: | ||
| ISBN: | 7-117-03725-3 | |
| 000 | 00862nam 2200241 450 | |
| 001 | CAL 012000776375 | |
| 005 | 20070619162146.64 | |
| 010 | @a7-117-03725-3@dCNY51.00 | |
| 100 | @a20000414d2000 ekmy0chiy0121 eb | |
| 101 | 0 | @achi |
| 102 | @aCN@b110000 | |
| 105 | @ay q 000yy | |
| 200 | 1 | @a基础医学考试纲要及试题@Aji chu yi xue kao shi gang yao ji shi ti@f陈庆山...[等]主编 |
| 210 | @a北京@c人民卫生出版社@d2000 | |
| 215 | @a542页@d26cm | |
| 225 | 2 | @a2000版国家临床执业医师资格考试辅导@A2000 ban guo jia lin chuang zhi ye yi shi zi ge kao shi fu dao |
| 314 | @a本书其它主编:孙秀泓,崔行,李宗铉,丁华,周正任,朱迅 | |
| 410 | 0 | @12001 @a2000版国家临床执业医师资格考试辅导 |
| 606 | 0 | @a基础医学@Aji chu yi xue@x医学院校@j试题 |
| 690 | @aR31@v4 | |
| 701 | 0 | @a陈庆山@AChen Qingshan@4主编 |
| 801 | 0 | @aCN@bPFT@c20070619 |
| 905 | @a10447@dR31@e171 | |
| 基础医学考试纲要及试题/陈庆山...[等]主编.-北京:人民卫生出版社,2000 |
| 542页;26cm.-(2000版国家临床执业医师资格考试辅导) |
| ISBN 7-117-03725-3:CNY51.00 |
| ● |
| 相关链接 |
|
|
|
|
正题名:基础医学考试纲要及试题
索取号:R31/171
 
预约/预借
| 序号 | 登录号 | 条形码 | 馆藏地/架位号 | 状态 | 备注 |
| 1 | 0653888 | 206538889 | 第二样本阅览室/ [索取号:R31/171] | 在馆 |